[Event "23rd Abu Dhabi Masters"]
[Site "Abu Dhabi UAE"]
[Date "2016.08.23"]
[Round "4.39"]
[White "Pascua, Haridas"]
[Black "Senthil, Maran K"]
[Result "1/2-1/2"]
[WhiteTitle "IM"]
[WhiteElo "2404"]
[BlackElo "2208"]
[WhiteFideId "5203953"]
[BlackFideId "25035681"]
[EventDate "2016.08.21"]

1. c4 e6 2. g3 d5 3. Bg2 Nf6 4. Nf3 dxc4 5. Qa4+ Nbd7 6. Qxc4 a6 7. Qc2 Nd5 8.
O-O Be7 9. e4 Nb4 10. Qc3 Nf6 11. Ne5 c5 12. a3 Nc6 13. Nxc6 bxc6 14. d3 O-O 15.
Rd1 Rb8 16. Nd2 a5 17. Nb3 Rb5 18. a4 Rb4 19. Nxc5 Qb6 20. Be3 Ng4 21. Nd7 Qc7
22. Nxf8 Nxe3 23. fxe3 Bxf8 24. d4 Qb6 25. e5 Bd7 26. Rab1 Rxa4 27. Rdc1 Rb4 28.
Bxc6 Rb3 29. Qc2 Bxc6 30. Qxc6 Qb4 31. Qc4 Qb7 32. Rc3 Rxb2 33. Rxb2 Qxb2 34.
Rc2 Qb1+ 35. Kg2 Qb7+ 36. Qc6 Qb3 37. Kf2 h5 38. e4 Qd3 39. Qa4 Qxe4 40. Rc8 Qh1
41. Qe8 Qxh2+ 42. Kf3 Qh1+ 43. Kf2 Qh2+ 44. Kf1 Qh1+ 45. Kf2 1/2-1/2

[Event "23rd Abu Dhabi Masters"]
[Site "Abu Dhabi UAE"]
[Date "2016.08.23"]
[Round "4.40"]
[White "Sadhwani, Raunak"]
[Black "Sardana, Rishi"]
[Result "0-1"]
[WhiteTitle "CM"]
[BlackTitle "IM"]
[WhiteElo "2069"]
[BlackElo "2403"]
[WhiteFideId "35093487"]
[BlackFideId "25004301"]
[EventDate "2016.08.21"]

1. e4 e5 2. Nf3 Nc6 3. Bb5 a6 4. Ba4 Nf6 5. O-O Be7 6. Re1 b5 7. Bb3 d6 8. c3
O-O 9. h3 Nb8 10. d4 Nbd7 11. Nbd2 Bb7 12. Bc2 Re8 13. Nf1 Bf8 14. Ng3 g6 15.
Bd2 Bg7 16. Qc1 Qe7 17. Bh6 Bxh6 18. Qxh6 Qf8 19. Qxf8+ Kxf8 20. Rad1 Red8 21.
Rd2 c5 22. dxe5 Nxe5 23. Nxe5 dxe5 24. Red1 Rxd2 25. Rxd2 Ke7 26. f3 c4 27. Nf1
Nd7 28. Ne3 Nb6 29. Kf2 h5 30. a3 Rc8 31. Ke2 Rc5 32. Kd1 h4 33. Kc1 Nc8 34. Re2
Nd6 35. Nf1 f5 36. Nd2 Kf6 37. Kd1 Kg5 38. Ke1 Kf4 39. Kf2 Rc8 40. Re3 Rd8 41.
Re2 a5 42. Ke1 Ba8 43. Bb1 b4 44. axb4 axb4 45. cxb4 Rb8 46. exf5 gxf5 47. Nf1
Rxb4 48. Ne3 Nb5 49. Nd1 Nd4 50. Rf2 Ra4 51. Nc3 Ra1 52. Rd2 Bxf3 53. Rf2 Ke3
54. gxf3 Nxf3+ 55. Kf1 Nd2+ 56. Kg2 Nxb1 57. Rf1 Nxc3 58. Rxa1 Ne2 59. Ra5 Nf4+
60. Kf1 Nd3 61. Ra3 e4 62. b4 Kd4 63. b5 Kc5 64. Ke2 f4 65. Ra8 Kxb5 66. Rb8+
Kc5 67. Rc8+ Kd4 68. Rd8+ Kc3 69. Re8 Nc5 70. Rh8 Ne6 71. Rxh4 Nd4+ 72. Kf1 Kd3
73. Rxf4 c3 74. Kg2 c2 75. Rf1 Ne2 76. h4 c1=Q 77. Rxc1 Nxc1 78. h5 Ne2 79. h6
Nf4+ 80. Kg3 Ng6 81. Kg4 e3 82. Kg5 Nh8 83. Kf6 e2 84. Kg7 e1=Q 85. Kxh8 Qe7 86.
Kg8 Qg5+ 87. Kh7 Ke4 0-1

[Event "23rd Abu Dhabi Masters"]
[Site "Abu Dhabi UAE"]
[Date "2016.08.23"]
[Round "4.41"]
[White "Tania, Sachdev"]
[Black "Dimarucut, Francis Erwin"]
[Result "1-0"]
[WhiteTitle "IM"]
[WhiteElo "2396"]
[BlackElo "2172"]
[WhiteFideId "5007844"]
[BlackFideId "5209277"]
[EventDate "2016.08.21"]

1. d4 Nf6 2. c4 e6 3. Nf3 b6 4. a3 Bb7 5. Nc3 d6 6. Qc2 Nbd7 7. e4 e5 8. d5 a5
9. Be2 Be7 10. O-O Nf8 11. h3 Ng6 12. Be3 O-O 13. b4 h6 14. c5 bxc5 15. bxc5 Bc8
16. cxd6 cxd6 17. Rab1 Bd7 18. Rfc1 Nh5 19. Nd2 Nhf4 20. Nc4 Rc8 21. Bf1 f5 22.
Nb6 fxe4 23. Nxc8 Bxc8 24. Nxe4 Bf5 25. g4 Bxe4 26. Qxe4 Nh4 27. Rb7 Nfg6 28.
Rcc7 Rf3 29. Bg2 Rxe3 30. fxe3 Bf8 31. Bf1 Qg5 32. Be2 Ne7 33. Kf2 Nhg6 34. Ke1
Qh4+ 35. Kd2 Qxh3 36. Rb8 Qh2 37. Qf3 Qh4 38. Rc1 Qg5 39. Rf1 e4 40. Qxe4 1-0

[Event "23rd Abu Dhabi Masters"]
[Site "Abu Dhabi UAE"]
[Date "2016.08.23"]
[Round "4.42"]
[White "Aditya, Mittal"]
[Black "Illingworth, Max"]
[Result "0-1"]
[WhiteTitle "CM"]
[BlackTitle "GM"]
[WhiteElo "2140"]
[BlackElo "2458"]
[WhiteFideId "35042025"]
[BlackFideId "3205207"]
[EventDate "2016.08.21"]

1. d4 d5 2. c4 dxc4 3. Nf3 Nf6 4. e3 e6 5. Bxc4 c5 6. O-O a6 7. Qe2 Nc6 8. Rd1
cxd4 9. exd4 Be7 10. Nc3 O-O 11. Bg5 Re8 12. Ne5 Bd7 13. f4 g6 14. g4 Nd5 15.
Bxe7 Nxc3 16. Bxd8 Nxe2+ 17. Bxe2 Rexd8 18. Bf3 Rac8 19. Rac1 Nxd4 20. Kf2 Rxc1
21. Rxc1 Nxf3 22. Kxf3 Be8 23. g5 Rd2 24. b4 Rxa2 25. Rc7 Kf8 26. Rxb7 Rxh2 27.
Rb8 Rh3+ 28. Ke4 h5 29. Nc4 Ke7 30. Rb7+ Kd8 31. Rb8+ Kd7 32. Ne5+ Ke7 33. Rb7+
Kf8 34. Rb8 Rc3 35. Nd7+ Ke7 36. Nf6 Bc6+ 37. Kd4 Rf3 38. Kc5 Rxf4 39. b5 Bxb5
40. Rb7+ Kd8 41. Rxf7 Rf5+ 42. Kd6 Kc8 43. Rf8+ Kb7 44. Kxe6 Rxg5 45. Nd5 Bc4
46. Rf7+ Kc6 47. Rc7+ Kb5 48. Rb7+ Kc5 49. Rc7+ Kd4 0-1

[Event "23rd Abu Dhabi Masters"]
[Site "Abu Dhabi UAE"]
[Date "2016.08.23"]
[Round "4.43"]
[White "Kjartansson, Gudmundur"]
[Black "Kathmale, Sameer"]
[Result "1/2-1/2"]
[WhiteTitle "IM"]
[BlackTitle "IM"]
[WhiteElo "2442"]
[BlackElo "2248"]
[WhiteFideId "2301318"]
[BlackFideId "5024498"]
[EventDate "2016.08.21"]

1. e4 e6 2. d4 d5 3. Nd2 Nf6 4. e5 Nfd7 5. Bd3 c5 6. c3 Nc6 7. Ne2 cxd4 8. cxd4
f6 9. exf6 Nxf6 10. O-O Bd6 11. Nf3 Qc7 12. Nc3 a6 13. Bd2 O-O 14. Rc1 Bd7 15.
Re1 Ng4 16. g3 g6 17. Bf1 Qb6 18. Na4 Qa7 19. Be3 Bb4 20. Nc3 Rae8 21. Bh3 e5
22. Bg2 e4 23. Ng5 Bxc3 24. Rxc3 Qb6 25. Qd2 Nxe3 26. fxe3 Nb4 27. b3 Nd3 28.
Rxd3 exd3 29. Bxd5+ Kg7 30. Bg2 Bf5 31. Kh1 h6 32. Nf3 Be4 33. Ne5 Rxe5 34. dxe5
Qc6 35. Bxe4 Qxe4+ 36. Kg1 Rc8 37. Rc1 Rxc1+ 38. Qxc1 Qxe5 39. Kf2 b5 40. Ke1
Qe4 41. Qc7+ Kg8 42. Qd8+ Kh7 43. Kd2 Qg2+ 44. Kxd3 Qxa2 45. Qe7+ Kg8 46. Qe6+
Kg7 47. h4 Qb1+ 48. Kd4 Qc2 49. Qe7+ Kg8 50. Qe6+ Kg7 51. Qe5+ Kg8 52. Qd5+ Kg7
53. Qb7+ Kg8 54. Qxa6 Qd2+ 55. Ke4 Qc2+ 56. Ke5 Qb2+ 57. Ke4 Qc2+ 58. Ke5 Qb2+
59. Ke4 1/2-1/2

[Event "23rd Abu Dhabi Masters"]
[Site "Abu Dhabi UAE"]
[Date "2016.08.23"]
[Round "4.44"]
[White "Rayes, Abdul Kader"]
[Black "Derakhshani, Dorsa"]
[Result "1-0"]
[BlackTitle "WIM"]
[WhiteElo "2254"]
[BlackElo "2405"]
[WhiteFideId "7600801"]
[BlackFideId "12500330"]
[EventDate "2016.08.21"]

1. d4 Nf6 2. Bf4 e6 3. e3 c5 4. c3 Nc6 5. Nd2 d5 6. Ngf3 Bd6 7. Bg3 O-O 8. Bd3
b6 9. Ne5 Bb7 10. O-O Ne7 11. Qb1 g6 12. f4 Nf5 13. Bf2 Be7 14. Qc2 Nd6 15. Rad1
Qc7 16. Qb1 Nfe4 17. Kh1 Rad8 18. Bg1 f6 19. Ng4 f5 20. Ne5 Bf6 21. Ndf3 Qg7 22.
Bf2 h6 23. Nd2 g5 24. Nxe4 dxe4 25. Be2 gxf4 26. exf4 e3 27. Bg3 Ne4 28. Nf3
Nxg3+ 29. hxg3 Qxg3 30. dxc5 bxc5 31. Qc2 Qxf4 32. Qb3 Bd5 33. Qa3 Be7 34. Qxa7
Bd6 35. Rxd5 exd5 36. Qb7 Bc7 37. Rd1 d4 38. cxd4 cxd4 39. Qc6 Kh7 40. Rc1 Rf7
41. Qe6 Rg7 42. Bd3 Rf8 43. Rc5 Rgf7 44. Rc6 Rf6 45. Qd7+ R8f7 46. Qe8 Kg7 47.
Rxf6 Kxf6 48. Bc4 1-0

[Event "23rd Abu Dhabi Masters"]
[Site "Abu Dhabi UAE"]
[Date "2016.08.23"]
[Round "4.45"]
[White "Raetsky, Alexander"]
[Black "Mona, Khaled"]
[Result "1/2-1/2"]
[WhiteTitle "GM"]
[BlackTitle "WGM"]
[WhiteElo "2384"]
[BlackElo "2175"]
[WhiteFideId "4103203"]
[BlackFideId "10605908"]
[EventDate "2016.08.21"]

1. d4 Nf6 2. c4 g6 3. Nc3 Bg7 4. e4 d6 5. Be2 c6 6. f4 O-O 7. e5 Nfd7 8. Nf3 c5
9. exd6 exd6 10. d5 Nf6 11. O-O Bf5 12. Bd3 Bxd3 13. Qxd3 Re8 14. Bd2 Na6 15.
Rae1 Nc7 16. f5 Rxe1 17. Rxe1 Qd7 18. h3 Re8 19. g4 Rxe1+ 20. Bxe1 gxf5 21. Qxf5
Qxf5 22. gxf5 Kf8 23. Ng5 b5 24. Bg3 Ke7 25. cxb5 Ncxd5 26. Nxd5+ Nxd5 27. Ne4
Be5 28. Bxe5 dxe5 29. Kf2 Nb4 30. a4 Nd3+ 31. Ke3 Nxb2 32. Nxc5 Kd6 33. Ne4+ Ke7
34. Nc3 Nc4+ 35. Kd3 Nd6 36. Nd5+ Kd7 37. Nf6+ Ke7 38. Nd5+ Kd7 39. Nf6+ Ke7 40.
Nd5+ 1/2-1/2

[Event "23rd Abu Dhabi Masters"]
[Site "Abu Dhabi UAE"]
[Date "2016.08.23"]
[Round "4.46"]
[White "Ashwath, R."]
[Black "Eggleston, David J"]
[Result "0-1"]
[BlackTitle "IM"]
[WhiteElo "2227"]
[BlackElo "2384"]
[WhiteFideId "5021049"]
[BlackFideId "412120"]
[EventDate "2016.08.21"]

1. d4 Nf6 2. c4 e6 3. Nc3 Bb4 4. Nf3 c5 5. g3 cxd4 6. Nxd4 O-O 7. Bg2 d5 8. cxd5
Nxd5 9. Qb3 Nc6 10. Nxc6 bxc6 11. O-O Qa5 12. Bd2 Bxc3 13. bxc3 Ba6 14. Rfd1 Qc5
15. e4 Bc4 16. Qa4 Nb6 17. Qb4 Qh5 18. Re1 Be2 19. Bf4 c5 20. Qa5 Nc4 21. Qa6 e5
22. Bxe5 Qxe5 23. Rxe2 Qxc3 24. Ree1 Na3 25. Rac1 Qb4 26. Bf1 Nc2 27. Red1 Nd4
28. Qc4 Rfd8 29. Qxb4 cxb4 30. Kg2 Ne6 31. Rd5 a5 32. Bb5 Kf8 33. Bd7 a4 34. h4
b3 35. axb3 axb3 36. Bxe6 fxe6 37. Rdc5 Rab8 38. Rc7 b2 39. Rb1 Rd2 40. Rc3 Rb7
41. h5 h6 42. Kf1 Rbd7 43. Kg2 Re2 44. Rc8+ Kf7 45. e5 Rdd2 46. Rc7+ Kg8 47.
Rc8+ Kh7 48. Rb8 Rxf2+ 49. Kh3 Rh2+ 50. Kg4 Rd4+ 51. Kf3 Rxh5 52. R1xb2 Rxe5 53.
R2b3 Rf5+ 54. Kg2 Rd2+ 55. Kh3 Re5 56. Re8 Rde2 57. Re7 R2e3 58. Rxe3 Rxe3 59.
Kg4 Kg6 60. Kf4 Re1 61. Re8 Kf7 62. Ra8 Rb1 63. Ra7+ Kf6 64. Ra6 Rb4+ 65. Kf3 h5
66. Ra5 g5 67. Ra8 Rb3+ 68. Kf2 Kf5 69. Ra5+ e5 70. Rc5 Kg4 71. Rxe5 Rf3+ 72.
Kg2 Rxg3+ 73. Kh2 Rd3 74. Re2 h4 75. Rg2+ Kh5 76. Ra2 Rd5 77. Rb2 g4 78. Ra2 Re5
79. Ra8 Re2+ 80. Kg1 h3 0-1

[Event "23rd Abu Dhabi Masters"]
[Site "Abu Dhabi UAE"]
[Date "2016.08.23"]
[Round "4.47"]
[White "Abhishek, Kelkar"]
[Black "Lakshmi, Narayanan M V"]
[Result "1/2-1/2"]
[WhiteTitle "IM"]
[WhiteElo "2380"]
[BlackElo "2155"]
[WhiteFideId "5019257"]
[BlackFideId "5040647"]
[EventDate "2016.08.21"]

1. d4 Nf6 2. Nf3 b6 3. Bf4 Bb7 4. e3 e6 5. Be2 Nh5 6. Bg5 Be7 7. Bxe7 Qxe7 8.
O-O O-O 9. a4 a5 10. Ne5 Nf6 11. Nd2 d6 12. Bf3 Nd5 13. Nd3 Ra7 14. Re1 Na6 15.
c3 Nf6 16. Bxb7 Rxb7 17. Qf3 d5 18. e4 c6 19. Re3 c5 20. e5 Nd7 21. Qh5 cxd4 22.
cxd4 Rc8 23. h4 Nb4 24. Nf4 Nc2 25. Rc1 Rbc7 26. Rd3 Qb4 27. Nf3 Nxd4 28. Rxc7
Nxf3+ 29. Rxf3 Rxc7 30. Nxd5 Rc1+ 31. Kh2 Qf8 32. Nf4 g6 33. Qg5 h6 34. Qg3 Nxe5
35. Rc3 Rxc3 36. Qxc3 Qd6 37. g3 h5 38. Kg2 Kh7 39. b3 Qc6+ 40. Qxc6 Nxc6 41.
Nd3 Kg7 42. Nb2 Nd4 43. Nc4 Nxb3 44. Nxb6 Kf6 45. Nc4 e5 46. Kf3 Ke6 47. Ke4 f5+
48. Kd3 Nc5+ 49. Kc2 Nxa4 50. Nxa5 Nc5 51. Kd2 f4 52. gxf4 exf4 53. Nc6 Nd7 54.
Ke2 Ne5 55. Nd8+ Kf5 56. f3 Kf6 57. Kf2 Nc4 58. Nc6 Ne3 59. Nb4 Nf5 60. Nd3 Nxh4
61. Nxf4 Nf5 62. Kg2 Ng7 63. Nd3 g5 64. Nc5 Kf5 65. Ne4 Kf4 66. Nf6 h4 67. Nd5+
Ke5 68. Ne7 Nh5 69. Kh3 Kf4 70. Ng6+ Kxf3 71. Nxh4+ Kf4 72. Ng6+ Kf5 73. Ne7+
Kf6 74. Kg4 Nf4 75. Ng8+ Kg6 76. Ne7+ Kh6 77. Ng8+ Kg6 78. Ne7+ Kh6 1/2-1/2

[Event "23rd Abu Dhabi Masters"]
[Site "Abu Dhabi UAE"]
[Date "2016.08.23"]
[Round "4.48"]
[White "Omar, Noaman"]
[Black "Manush, Shah"]
[Result "1-0"]
[WhiteTitle "IM"]
[WhiteElo "2377"]
[BlackElo "2151"]
[WhiteFideId "9300244"]
[BlackFideId "5040680"]
[EventDate "2016.08.21"]

1. d4 d5 2. c4 c6 3. Nf3 Nf6 4. Nc3 e6 5. g3 Nbd7 6. Bg2 dxc4 7. O-O Be7 8. a4
Nd5 9. Nd2 b6 10. Nxc4 Ba6 11. Qb3 O-O 12. Rd1 Rc8 13. e4 Nxc3 14. bxc3 c5 15.
d5 exd5 16. Rxd5 Bb7 17. Rd1 Qe8 18. Bf4 Kh8 19. a5 f5 20. axb6 axb6 21. Ra7 Bc6
22. exf5 Nf6 23. Bxc6 Rxc6 24. Re1 Ng8 25. Bg5 b5 26. Ne5 Rcf6 27. Bxf6 Rxf6 28.
Qd5 Qh5 29. g4 Qh4 30. Re4 g6 31. Ra8 Bf8 32. Nd7 Rd6 33. Qe5+ 1-0

[Event "23rd Abu Dhabi Masters"]
[Site "Abu Dhabi UAE"]
[Date "2016.08.23"]
[Round "4.49"]
[White "Al Ghamdi, Ahmed M"]
[Black "Raja, Harshit"]
[Result "0-1"]
[WhiteElo "2192"]
[BlackElo "2354"]
[WhiteFideId "21500150"]
[BlackFideId "5089000"]
[EventDate "2016.08.21"]

1. e4 c5 2. Nf3 d6 3. Bb5+ Nd7 4. d4 cxd4 5. Qxd4 a6 6. Bxd7+ Bxd7 7. Nc3 e5 8.
Qd3 h6 9. O-O Nf6 10. Rd1 Rc8 11. a4 Be7 12. Be3 Bg4 13. a5 O-O 14. Bb6 Qe8 15.
Nd5 Nxd5 16. Qxd5 Rc6 17. Qd3 Bxf3 18. gxf3 Qc8 19. c3 Qh3 20. f4 Qg4+ 21. Kh1
Qxf4 22. Qe3 Qxe3 23. Bxe3 Rc4 24. f3 f5 25. Bd2 fxe4 26. b3 Rc6 27. fxe4 Rf2
28. c4 Re2 29. Bb4 Rxe4 30. Rd3 Kf7 31. Rad1 Ke6 32. Rg1 Bf6 33. Rgd1 Rd4 34.
Rxd4 exd4 35. Kg2 Be5 0-1

[Event "23rd Abu Dhabi Masters"]
[Site "Abu Dhabi UAE"]
[Date "2016.08.23"]
[Round "4.51"]
[White "Tarini, Goyal"]
[Black "Kulkarni, Rakesh"]
[Result "1-0"]
[WhiteTitle "WFM"]
[WhiteElo "2142"]
[BlackElo "2316"]
[WhiteFideId "5082749"]
[BlackFideId "5037077"]
[EventDate "2016.08.21"]

1. d4 Nf6 2. c4 e6 3. Nc3 Bb4 4. e3 O-O 5. Bd3 c5 6. Ne2 d5 7. a3 Bxc3+ 8. Nxc3
cxd4 9. exd4 dxc4 10. Bxc4 Nc6 11. Bg5 Qxd4 12. Qxd4 Nxd4 13. O-O e5 14. Rae1
Nc6 15. f4 Nd7 16. Nd5 Kh8 17. Be7 Nxe7 18. Nxe7 Nb6 19. Bb3 Be6 20. Bxe6 fxe6
21. Rxe5 Rf6 22. f5 exf5 23. Nxf5 Nc4 24. Re7 g6 25. Ne3 Rxf1+ 26. Kxf1 Nxe3+
27. Rxe3 Rc8 28. Re2 Rc7 29. Ke1 Kg7 30. Kd2 Kf6 31. Kd3 Kf5 32. Kd4 Rd7+ 33.
Kc4 h5 34. a4 g5 35. Rf2+ Kg4 36. b4 h4 37. a5 h3 38. Kc5 Rc7+ 39. Kb5 Re7 40.
gxh3+ Kxh3 41. Rf5 Rg7 42. Rf2 g4 43. Kc5 Rc7+ 44. Kd6 Rc4 45. Rb2 Rc1 46. Kd7
Kh4 47. Kd6 Kg5 48. Ke5 Rc3 49. Kd4 Rc1 50. Rf2 b5 51. axb6 axb6 52. Kd5 b5 53.
Re2 Rc4 54. Rb2 Kf4 55. Kd6 Ke4 56. Rb3 Kf4 57. Rb2 Ke3 58. Rb3+ Kf2 59. Rb2+
Kf3 60. Kd5 Ke3 61. Rb3+ Kf4 62. Rb2 Kg5 63. Kd6 Kh4 64. Ke5 Kh3 65. Kf5 Rd4 66.
Kg5 Rd5+ 67. Kg6 Kh4 68. Kf6 Rd1 69. Kg6 Rf1 70. Kh6 Rf6+ 71. Kg7 Kg5 72. Rc2
Rb6 73. Kf7 Kf4 74. Kg7 Rd6 75. Kf7 Rd4 76. Rb2 Ke5 77. Kg6 Kf4 78. Kh5 Rd3 79.
Kg6 Rd6+ 80. Kh5 Rd4 81. Rg2 Kf5 82. Rf2+ Ke5 83. Rb2 Kf4 84. Rg2 Kf5 85. Rf2+
Ke5 86. Rb2 Rf4 87. Kg5 Rc4 88. Re2+ Kd5 89. Rd2+ Ke4 90. Rg2 Rc8 91. Rxg4+ Kf3
92. Rf4+ Ke3 93. Rf5 Rg8+ 94. Kh4 Rh8+ 95. Rh5 Rb8 96. Kg4 Kd4 97. Rc5 Rg8+ 98.
Kf3 Rf8+ 99. Kg2 Rg8+ 100. Kh1 Ke3 101. Rxb5 Rf8 102. Kg2 Rg8+ 103. Kh3 Rh8+
104. Kg3 Rg8+ 105. Kh4 Kf4 106. h3 Rh8+ 107. Rh5 Rb8 108. Rh7 Kf5 109. Rf7+ Ke4
110. Rg7 Kf3 111. Rg4 Rh8+ 112. Kg5 Rb8 113. Kf6 Re8 114. Rc4 Ke3 115. h4 Rh8
116. Kg7 Rh5 117. Kg6 Rb5 118. h5 Rb6+ 119. Kf7 Rb7+ 120. Ke6 Rb5 121. Rh4 Rb6+
122. Kd5 Rh6 123. b5 Kf3 124. Kc5 Kg3 125. Rh1 Kg2 126. Rd1 Rxh5+ 127. Kc6 Kf3
128. b6 Ke4 129. b7 Rh8 130. Kc7 Ke5 131. b8=Q Rxb8 132. Kxb8 1-0

[Event "23rd Abu Dhabi Masters"]
[Site "Abu Dhabi UAE"]
[Date "2016.08.23"]
[Round "4.52"]
[White "Likhit, Chilukuri"]
[Black "Muthaiah, AL"]
[Result "1/2-1/2"]
[WhiteElo "2133"]
[BlackElo "2289"]
[WhiteFideId "35005456"]
[BlackFideId "5092442"]
[EventDate "2016.08.21"]

1. e4 c5 2. Be2 Nc6 3. f4 e6 4. Nf3 d5 5. d3 Nf6 6. e5 Nd7 7. O-O Be7 8. c4 O-O
9. Nc3 Nb6 10. Bd2 f5 11. Be1 Bd7 12. Bf2 d4 13. Nb1 h6 14. Nbd2 g5 15. g3 Kh7
16. Ne1 Rg8 17. Kh1 Be8 18. h3 gxf4 19. gxf4 Nd7 20. Bh5 Nf8 21. Bxe8 Qxe8 22.
Ng2 Ng6 23. Qf3 Rg7 24. Rg1 Qf7 25. Nf1 Rag8 26. Ng3 Nh4 27. Nxh4 Bxh4 28. Nh5
Rxg1+ 29. Rxg1 Rxg1+ 30. Kxg1 Bd8 31. Be1 Kg8 32. Kf1 Kf8 33. a3 a5 34. b3 Ke8
35. Ke2 Kd7 36. b4 axb4 37. axb4 cxb4 38. Bxb4 Qg6 39. Be1 Kc8 40. Ng3 Kd7 41.
Nh5 Ke8 42. Ng3 Kf7 43. Kf1 Bh4 44. Kg2 Bxg3 45. Bxg3 Ke8 46. Qe2 Qf7 47. Qb2
Qe7 48. Bf2 Qb4 49. Bxd4 Qxb2+ 50. Bxb2 Nb4 51. d4 Nd3 52. Ba1 Nxf4+ 53. Kg3 Ng6
54. Bc3 Kd7 55. d5 Ne7 56. d6 Ng6 57. Bd4 Kc6 58. Kf3 Nf8 59. Kg3 Nd7 60. Kh4 b5
61. cxb5+ Kxb5 62. Kg3 Kc4 63. Ba1 Kd3 64. Kf3 Kd2 65. Bd4 Kd3 66. Ba1 Kc4 67.
Bb2 Kd5 68. Bc3 Kc4 69. Ba1 Kb3 70. Bd4 Kc2 71. Ba1 Kd3 72. Bb2 Kc2 73. Bd4 Kd3
74. Bb2 Nb8 1/2-1/2

[Event "23rd Abu Dhabi Masters"]
[Site "Abu Dhabi UAE"]
[Date "2016.08.23"]
[Round "4.53"]
[White "Geldiyeva, Mahri"]
[Black "Sankalp, Gupta"]
[Result "0-1"]
[WhiteTitle "WGM"]
[WhiteElo "2285"]
[BlackElo "1990"]
[WhiteFideId "14000059"]
[BlackFideId "5097010"]
[EventDate "2016.08.21"]

1. d4 Nf6 2. Nf3 g6 3. Bg5 Bg7 4. Nbd2 d5 5. e3 O-O 6. Bd3 c5 7. c3 Nfd7 8. O-O
Nc6 9. Re1 Qb6 10. Rb1 e5 11. dxe5 Ndxe5 12. Nxe5 Nxe5 13. Bc2 Re8 14. f4 Bg4
15. Qc1 Nc6 16. h3 Bd7 17. Kh1 Ne7 18. c4 Bc6 19. Bh4 Qc7 20. b3 d4 21. exd4
Bxd4 22. Ne4 Nf5 23. Nf6+ Bxf6 24. Bxf6 Rxe1+ 25. Qxe1 Qxf4 26. Be5 Bxg2+ 27.
Kg1 Qg5 28. Kh2 Bc6 29. Qf2 Qf4+ 0-1

[Event "23rd Abu Dhabi Masters"]
[Site "Abu Dhabi UAE"]
[Date "2016.08.23"]
[Round "4.54"]
[White "Derakhshani, Borna"]
[Black "Wafa, Shahenda"]
[Result "1-0"]
[WhiteTitle "FM"]
[BlackTitle "WIM"]
[WhiteElo "2265"]
[BlackElo "2113"]
[WhiteFideId "12518450"]
[BlackFideId "10609962"]
[EventDate "2016.08.21"]

1. d4 Nf6 2. Nf3 g6 3. Bf4 Bg7 4. h3 d6 5. e3 O-O 6. Bd3 c5 7. c3 Nc6 8. O-O Re8
9. Bh2 e5 10. dxe5 dxe5 11. e4 Qc7 12. Qc2 a6 13. a4 Be6 14. Ng5 Na5 15. Nxe6
Rxe6 16. Nd2 c4 17. Be2 Rd8 18. Rfd1 Ree8 19. Nf1 Nb3 20. Rxd8 Rxd8 21. Rd1 Rxd1
22. Qxd1 b5 23. axb5 axb5 24. Ne3 Nxe4 25. Qd5 Nbc5 26. f3 Nf6 27. Qxe5 Qxe5 28.
Bxe5 Na4 29. Nc2 Nd5 30. Bxg7 Kxg7 31. Na3 Nc7 32. Bd1 Nxb2 33. Bc2 Na4 34. Nxc4
Nxc3 35. Na5 Kf6 36. Kf2 Ke5 37. h4 h6 38. Bb3 f6 39. Nc6+ Kd6 40. Nd8 Ke7 41.
Nf7 h5 42. Nh8 g5 43. Ng6+ Kd6 44. g4 hxg4 45. h5 gxf3 46. h6 g4 47. Bc2 Ne6 48.
h7 Ng5 49. h8=Q Nh3+ 50. Kg3 Ne2+ 51. Kxg4 Neg1 52. Qxf6+ Kc5 53. Ne5 Nf2+ 54.
Kh5 1-0

[Event "23rd Abu Dhabi Masters"]
[Site "Abu Dhabi UAE"]
[Date "2016.08.23"]
[Round "4.55"]
[White "Sidhant, Mohapatra"]
[Black "Al-Zaabi, Sultan"]
[Result "1-0"]
[BlackTitle "CM"]
[WhiteElo "2259"]
[BlackElo "1698"]
[WhiteFideId "5028698"]
[BlackFideId "9307583"]
[EventDate "2016.08.21"]

1. Nf3 d5 2. c4 c6 3. b3 Nf6 4. Bb2 Bg4 5. e3 e6 6. Be2 Nbd7 7. h3 Bh5 8. d3 Bd6
9. Nbd2 O-O 10. Qc2 Re8 11. g4 Bg6 12. h4 h6 13. h5 Bh7 14. g5 hxg5 15. Nxg5 e5
16. O-O-O b5 17. Rdg1 a5 18. Nxh7 Nxh7 19. Kb1 a4 20. cxd5 cxd5 21. d4 Qa5 22.
h6 g5 23. b4 Qxb4 24. a3 Qa5 25. Nf3 e4 26. Nxg5 Nxg5 27. Rxg5+ Kh8 28. h7 b4
29. Qd1 bxa3 30. Qg1 1-0

[Event "23rd Abu Dhabi Masters"]
[Site "Abu Dhabi UAE"]
[Date "2016.08.23"]
[Round "4.57"]
[White "Saim, Mohamed Ilias"]
[Black "Kunal, M."]
[Result "0-1"]
[WhiteTitle "FM"]
[WhiteElo "2109"]
[BlackElo "2302"]
[WhiteFideId "7900465"]
[BlackFideId "5018250"]
[EventDate "2016.08.21"]

1. e4 c6 2. d4 d5 3. f3 Qb6 4. Nc3 e6 5. Nge2 Nf6 6. Bf4 Qxb2 7. Rb1 Qa3 8. Rb3
Qa5 9. Bd2 Qd8 10. Bg5 h6 11. Bh4 Qa5 12. e5 Nfd7 13. Qb1 b5 14. Kf2 a6 15. Nd1
c5 16. c3 Nc6 17. Ne3 c4 18. Rb2 b4 19. cxb4 Bxb4 20. Nc2 Bd2 21. g4 O-O 22. Kg2
f6 23. exf6 Nxf6 24. Rb6 Bd7 25. Rb7 Qd8 26. Bg3 Re8 27. h4 e5 28. g5 Nh5 29.
Qd1 c3 30. gxh6 Nxg3 31. Kxg3 Rb8 32. Rxb8 Qxb8 33. Rg1 exd4+ 34. Kf2 Qh2+ 35.
Rg2 Qxh4+ 36. Ng3 Qxh6 37. Kg1 Ne5 38. Rh2 Qf4 39. Kg2 d3 40. Rh1 0-1

[Event "23rd Abu Dhabi Masters"]
[Site "Abu Dhabi UAE"]
[Date "2016.08.23"]
[Round "4.58"]
[White "Severina, Maria"]
[Black "Pujari, Rucha"]
[Result "1/2-1/2"]
[WhiteTitle "WIM"]
[BlackTitle "WFM"]
[WhiteElo "2262"]
[BlackElo "2137"]
[WhiteFideId "4116909"]
[BlackFideId "5024528"]
[EventDate "2016.08.21"]

1. Nf3 d5 2. g3 g6 3. Bg2 Bg7 4. c4 d4 5. e3 e5 6. exd4 e4 7. Qe2 Qe7 8. Ng1 Nf6
9. d5 Na6 10. d3 exd3 11. Qxe7+ Kxe7 12. Nf3 Nb4 13. Na3 Ne4 14. Nd2 Nc5 15. O-O
Bf5 16. Nb3 Nxb3 17. axb3 a5 18. Nb5 Kd7 19. h3 h5 20. Bf4 Bxb2 21. Rab1 Bf6 22.
Nxc7 Rac8 23. Nb5 g5 24. Nd6 gxf4 25. Nxf5 fxg3 26. fxg3 Be5 27. h4 Rcg8 28.
Rbd1 Bxg3 29. Nxg3 Rxg3 30. Rxf7+ Kd6 31. Kf2 Rhg8 32. Bf3 Rh3 33. Rh1 Rxh1 34.
Bxh1 Re8 35. Rf6+ Kc5 36. Re6 Rf8+ 37. Ke3 Rf1 38. Be4 Re1+ 39. Kd2 Re2+ 40. Kd1
Na2 41. Bxd3 Nc3+ 42. Kc1 Na2+ 43. Kd1 Nc3+ 1/2-1/2

[Event "23rd Abu Dhabi Masters"]
[Site "Abu Dhabi UAE"]
[Date "2016.08.23"]
[Round "4.59"]
[White "Aradhya, Garg"]
[Black "Ajay Krishna, S"]
[Result "1/2-1/2"]
[WhiteElo "2262"]
[BlackElo "2125"]
[WhiteFideId "25006746"]
[BlackFideId "5096430"]
[EventDate "2016.08.21"]

1. d4 Nf6 2. c4 e6 3. Nf3 Bb4+ 4. Nbd2 b6 5. a3 Bxd2+ 6. Qxd2 a5 7. e3 Bb7 8. b3
O-O 9. Be2 d6 10. O-O Ne4 11. Qc2 f5 12. Bb2 Nd7 13. Ne1 Qg5 14. Rd1 Ndf6 15.
Bc1 Ng4 16. d5 Nxh2 17. Kxh2 Rf6 18. g3 exd5 19. cxd5 Ba6 20. Bb2 Rg6 21. Nf3
Qg4 22. Ng1 Nxf2 23. Bxg4 Nxg4+ 24. Kh1 Rh6+ 25. Nh3 Rxh3+ 26. Kg1 Rxg3+ 27. Kh1
Rh3+ 28. Kg1 Rg3+ 29. Kh1 Bxf1 30. Rxf1 Rh3+ 31. Kg1 Rg3+ 32. Kh1 Rh3+ 33. Kg1
Rg3+ 34. Kh1 1/2-1/2